00498 2200205 4500001002100000008004100021035002000062245004900082100001800131250000600149260003100155300001200186020002200198084001400220082000800234650001400242990001200256990001200268990001200280INLIS000000000001243 ind  a0010-0524000478 aBuku Panduan Guru PPKN Kelas XcHatim Gazali aGazali, Hatim a1 aJakarta :bKEMDIKBUDc2021 a260 hlm a978-602-244-230-8 a370 HAT p a370 aNon Fiksi a0747301 a0747302 a0747303